000 00665nam a2200229Ia 4500
008 220216s9999 xx 000 0 und d
100 _aPradeep B
245 0 _aIdentification and mapping of natural rubber plantations and potential areas for its cultivation in Assam using remote sensing technology
260 _bRubber Science
_c2017
300 _a244-254
650 _aNatural rubber
650 _aNorth-east India
650 _aRemote sensing
650 _aSatellite images
650 _aSpectral signature
700 _aAnand S.S
700 _aAnnamalainathan K
700 _aJacob J
700 _aMeti S
700 _aShebin S.M
942 _cBS
999 _c49471
_d49471